|
|
|
|
| LEADER |
01995nas a2200481 a 4500 |
| 001 |
c000158029 |
| 003 |
CARM |
| 005 |
20021030124104.0 |
| 008 |
770311c19469999iluqr1p 0 a0eng d |
| 010 |
|
|
|a 55035686
|
| 019 |
1 |
|
|a 927989
|
| 022 |
0 |
|
|a 0009-3696
|
| 032 |
|
|
|a 787640
|b USPS
|
| 037 |
|
|
|b Chicago Review, University of Chicago, Faculty Exchange Box C, Chicago, IL 60637
|
| 037 |
|
|
|c $10.00
|
| 040 |
|
|
|a LC
|b eng
|c LC
|d VIT
|
| 042 |
|
|
|a lc
|a nsdp
|
| 050 |
0 |
0 |
|a AP2
|b .C5152
|
| 082 |
0 |
0 |
|a 810
|2 21
|
| 082 |
0 |
4 |
|a 051
|2 20
|
| 082 |
0 |
4 |
|a 051
|2 19
|
| 210 |
0 |
|
|a Chic. rev
|
| 222 |
|
0 |
|a Chicago review
|
| 245 |
0 |
0 |
|a Chicago review.
|
| 260 |
|
|
|a Chicago :
|b University of Chicago Press,
|c 1946-.
|
| 300 |
|
|
|a v. :
|b ill. ;
|c 23-43 cm.
|
| 362 |
0 |
|
|a Vol. 1 (winter 1946)-
|
| 510 |
1 |
|
|a Humanities index
|x 0095-5981
|
| 510 |
2 |
|
|a Annual bibliography of English language and literature
|x 0066-3786
|
| 510 |
2 |
|
|a Index of American periodical verse
|x 0090-9130
|
| 510 |
2 |
|
|a Index to book reviews in the humanities
|x 0073-5892
|
| 510 |
2 |
|
|a MLA international bibliography of books and articles on the modern languages and literatures (Complete edition)
|x 0024-8215
|
| 530 |
|
|
|a Available on microfilm from University Microfilms.
|
| 555 |
|
|
|a Vols. 1-11, winter 1946-winter 1958, with v. 11; Vols. 12-13, spring 1958-winter 1959, with v. 13; Vols. 14-16, spring 1960-winter 1964, with v. 16.
|
| 650 |
|
0 |
|a American literature
|y 20th century
|x Periodicals.
|
| 650 |
|
0 |
|a Literature, Modern
|y 20th century
|x Periodicals.
|
| 650 |
|
0 |
|a Arts
|x Periodicals.
|
| 710 |
2 |
|
|a University of Chicago.
|
| 852 |
8 |
|
|b CARM
|h A2:AJ34A0
|i B05041
|p 0219496
|f SE
|
| 866 |
|
0 |
|a 26:1(1974)-30:2(1978:Aut) Inc.
|
| 866 |
|
0 |
|a 26:1(1974)-30:2(1978:Aut) Inc.
|
| 999 |
f |
f |
|i 2e4f12fd-e4b4-5ea5-9b1e-f7504a0b396a
|s 85ff7e8a-c2fc-5f44-8fdd-3723aa3c0161
|
| 952 |
f |
f |
|p Can circulate
|a CAVAL
|b CAVAL
|c CAVAL
|d CARM 1 Store
|e B05041
|f A2:AJ34A0
|h Other scheme
|i book
|k 26:1(1974)-29:2(1977:Aut),30:1(1978:Sum)-30:2(1978:Aut)
|m 0219496
|